Responses for show #7238 - Wednesday, February 17, 2016

Contestants

Tim Kutz, a data conversion manager from Ogden, Utah

Katie Oliver, an administrative professional from Fredericksburg, Virginia

Chris Becker, a bus driver and trainer from Orlando, Florida (whose 3-day cash winnings total $52,999)

Jeopardy! Round responses

BOSTON'S FREEDOM TRAIL
SYFY MOVIES
MIRROR WORDS
(Alex: Each correct response will be two words that are basically the reverse of each other in terms of lettering.)
NURSERY RHYME FOLKS
YOUR 5-COURSE MEAL
THEY SHARE A BIRTHDAY
    $200 3
the Boston Common

Katie
    $200 8
Shark

Chris
    $200 22
(Tim: What is gab and grab?)

gab & bag

KatieTim
    $200 27
Little Boy Blue

Chris
    $200 1
a Caesar salad

Chris
    $200 12
Barry Goldwater

Chris
    $400 4
"Old Ironsides"

Tim
    $400 9
the Crusades

Katie
    $400 23
maps & spam

Chris
    $400 16
the fair

Chris
    $400 2
gazpacho

Tim
    $400 14
(Allen) Ginsberg

Katie
    $600 5
the Old North Church

Tim
    $600 10
Erik Estrada

Katie
    $600 28
pals & slap

Chris
    $600 24
(Katie: Who is Wee Willie Winkie?)

Jack

Katie
Triple Stumper
    $600 17
deviled eggs

Chris
    $600 15
Cristiano Ronaldo

Katie
    $800 6
the Boston Massacre

Katie
    $800 11
Michael Madsen

Katie
    $800 29
pots & a stop

Triple Stumper
    $3,000 25
Tom, Tom, the Piper's Son

Chris
    $800 18
coq au vin

Chris
    $800 20
Ravel

Tim
    $1000 7
Faneuil Hall

Tim
    $1000 13
Debbie Gibson

Tim
    $1000 30
reward & drawer

Chris
    $1000 26
his pipe & his bowl

Chris
    $1000 19
tiramisu

Tim
    $1000 21
Juliette Low

Chris

Scores at the first commercial break (after clue 15):

Chris Katie Tim
$600 $3,800 $3,400

Scores at the end of the Jeopardy! Round:

Chris Katie Tim
$9,600 $3,400 $5,000

Double Jeopardy! Round responses

EAGLE POTPOURRI
4-LETTER SCIENCE
CELEBRITIES
COUNTRIES OF THE WORLD
SPEARS
"AE" I OWE YOU
    $400 21
spread eagle

Tim
    $400 12
Mars

Tim
    $400 3
Melissa McCarthy

Tim
    $400 8
Rwanda

Katie
    $400 11
a trident

Chris
    $400 26
a sundae

Chris
    $800 20
Sam the Eagle

Chris
    $800 13
a cell

Chris
    $800 4
Serena Williams

Tim
    $800 6
Iceland

Katie
    $800 22
a javelin

Katie
    $800 28
an aesthetician

Tim
    $1200 17
Wichita

Tim
    $10,000 14
(Alex: [After Chris's correct response] Gutsy move. Wow.)

neon

Chris
    $1200 1
Sia

Katie
    $1200 7
Liechtenstein

Tim
    $1200 23
an ax

Tim
    $1200 29
Gael

Tim
    $1600 18
Occidental

Tim
    $1600 15
the weak force

Triple Stumper
    $1600 5
Daisy Duke

Katie
    $1600 9
Kenya

Katie
    $1600 24
the Battle of Balaclava

Tim
    $10,000 27
Daedalus

Chris
    $2000 19
Aquila

Chris
    $2000 16
talc

Tim
    $2000 2
LL Cool J

Tim
    $2000 10
Bahrain

Katie
    $2000 25
Philip (of Macedon)

Tim
    $2000 30
Pangaea

Tim

Scores at the end of the Double Jeopardy! Round:

Chris Katie Tim
$34,000 $11,800 $23,800

[wagering suggestions for these scores]

Final Jeopardy! Round responses

THE AFI's 100 YEARS... 100 MOVIES
(Alex: [Before reveals] He was also in M*A*S*H and Network.)
KatieWho is Marlon Brando?
$11,800
TimWho is Robert Duvall?
$22,799
ChrisWho is ?
$13,601
Robert Duvall

Final scores:

Chris Katie Tim
$20,399 $0 $46,599
2nd place: $2,000 3rd place: $1,000 New champion: $46,599

Game dynamics:

Coryat scores:

Chris Katie Tim
$14,600 $11,800 $23,800
20 R
(including 3 DDs),
0 W
15 R,
1 W
22 R,
1 W

Combined Coryat: $50,200

The J! Archive is created by fans, for fans. The Jeopardy! game show and all elements thereof, including but not limited to copyright and trademark thereto, are the property of Jeopardy Productions, Inc. and are protected under law. This website is not affiliated with, sponsored by, or operated by Jeopardy Productions, Inc. Join the discussion at JBoard.tv.